|
|
|
|
| LEADER |
00000cam a2200000 7i4500 |
| 001 |
0000024430 |
| 005 |
20090109.0 |
| 008 |
081222 |
| 020 |
|
|
|a 9673222223
|
| 090 |
0 |
0 |
|a 641.8654
|b IND
|
| 100 |
1 |
|
|a Indriani
|
| 245 |
1 |
0 |
|a Biskut Lemon
|c Indriani, Noor Hazreen Hamzah
|
| 260 |
|
|
|a Kuala Lumpur :
|b Synergy Media books
|
| 440 |
|
|
|a Siri saji bistari
|
| 650 |
|
0 |
|a Biscuits
|
| 650 |
|
0 |
|a Cookies
|
| 700 |
1 |
|
|a Noor Hazreen Hamzah
|
| 999 |
|
|
|a 0001038264
|b Book
|c Adult Collection
|e Perbadanan Perpustakaan Awam Johor
|
| 999 |
|
|
|a 0001038265
|b Book
|c Adult Collection
|e Perbadanan Perpustakaan Awam Johor
|
| 999 |
|
|
|a 0001038266
|b Book
|c Adult Collection
|e Perbadanan Perpustakaan Awam Johor
|
| 999 |
|
|
|a 0001038267
|b Book
|c Adult Collection
|e Perbadanan Perpustakaan Awam Johor
|